<?xml version="1.0" encoding="UTF-8"?>
<record
    xmlns:xsi="http://www.w3.org/2001/XMLSchema-instance"
    xsi:schemaLocation="http://www.loc.gov/MARC21/slim http://www.loc.gov/standards/marcxml/schema/MARC21slim.xsd"
    xmlns="http://www.loc.gov/MARC21/slim">

  <leader>04679nam a2200301uu 4500</leader>
  <controlfield tag="001">1581994</controlfield>
  <controlfield tag="005">20241029091124.0</controlfield>
  <controlfield tag="007">cr|||||||</controlfield>
  <controlfield tag="008">230410s2023                        spa  </controlfield>
  <datafield tag="035" ind1=" " ind2=" ">
    <subfield code="a">1581994</subfield>
  </datafield>
  <datafield tag="040" ind1=" " ind2=" ">
    <subfield code="c">comduadb</subfield>
  </datafield>
  <datafield tag="041" ind1=" " ind2=" ">
    <subfield code="a">spa</subfield>
  </datafield>
  <datafield tag="100" ind1="1" ind2="0">
    <subfield code="a">P&#xE9;rez Ben&#xED;tez, Ximena</subfield>
    <subfield code="4">aut</subfield>
    <subfield code="e">aut</subfield>
    <subfield code="9">823222</subfield>
  </datafield>
  <datafield tag="245" ind1="1" ind2="0">
    <subfield code="a">Consumo de sustancias psicoactivas y su relaci&#xF3;n con caracter&#xED;sticas sociodemogr&#xE1;ficas y de trastornos de la personalidad en integrantes de la barra popular Los del Sur-Medell&#xED;n, 2022</subfield>
  </datafield>
  <datafield tag="260" ind1=" " ind2=" ">
    <subfield code="a">Medell&#xED;n :</subfield>
    <subfield code="b">Autores (as),</subfield>
    <subfield code="c">2023.</subfield>
  </datafield>
  <datafield tag="300" ind1=" " ind2=" ">
    <subfield code="a">1 archivo en l&#xED;nea (93 p&#xE1;ginas) :</subfield>
    <subfield code="b">tablas, gr&#xE1;ficas</subfield>
  </datafield>
  <datafield tag="500" ind1=" " ind2=" ">
    <subfield code="a">T&#xED;tulo de grado otorgado: Tesis (Profesional en Gerencia en Sistemas de Informaci&#xF3;n en Salud) Uniersidad de Antioquia. Facultad Nacional de Salud P&#xFA;blica, 2023.</subfield>
  </datafield>
  <datafield tag="520" ind1="3" ind2=" ">
    <subfield code="a">RESUMEN: El consumo de sustancias psicoactivas en el entorno de las barras y seguidores de un equipo de f&#xFA;tbol es percibido como un fen&#xF3;meno social que afecta de manera directa el entorno del f&#xFA;tbol y todo lo relacionado con este deporte y las practicas realizadas por los integrantes de las barras populares: El incremento del consumo de sustancia psicoactivas se hace cada vez m&#xE1;s evidente en los grupos denominados barras populares, esto puede generar diferentes consecuencias negativas en la salud del colectivo conformado por los integrantes de la barra investigada (LOS DEL SUR), siendo as&#xED; un foco de estudio para la salud p&#xFA;blica. Objetivos: Determinar la prevalencia del consumo de sustancias psicoactivas y los factores asociados a las caracter&#xED;sticas sociodemogr&#xE1;ficas, familiares y de personalidad en integrantes de la barra popular LOS DEL SUR. Metodolog&#xED;a: Estudio descriptivo, con el que se pretende medir y describir diversas caracter&#xED;sticas de la barra Los Del Sur. Se comparar&#xE1;n aspectos sociodemogr&#xE1;ficos, de la personalidad y del consumo de sustancias psicoactivas en los integrantes de esta barra con la finalidad de buscar una asociaci&#xF3;n. Los datos obtenidos ser&#xE1;n insumo para el desarrollo del objetivo principal del proyecto mencionado, trabajando con un total de 426 registros. Se trabajo con los instrumentos ASSIST, IPDE y variables sociodemogr&#xE1;ficas. Se realizaron an&#xE1;lisis descriptivos, c&#xE1;lculo de prevalencias, prueba de Chi-cuadrado de independencia, regresi&#xF3;n log&#xED;stica para identificar posible asociaci&#xF3;n de las variables con el consumo de sustancias psicoactivas, modelo explicativo. Resultados: La prevalencia de consumo de sustancia psicoactivas fue 87,8%, donde el 69,5% eran hombres y el 30,5% mujeres que hab&#xED;an consumido sustancias psicoactivas alguna vez en su vida. Se encontr&#xF3; que el alcohol ocupa la prevalencia m&#xE1;s alta con un 84%, seguida del cannabis con 63,4% y el tabaco con 42.7%. dentro de los factores asociados para el consumo se encontr&#xF3; sexo femenino (OR=0,102; IC95% 0,039 &#x2013; 0,266), la edad entre 33-37 a&#xF1;os (OR=0,175; IC95% 0,35 &#x2013; 0,876), pertenecer a estrato 5 (OR=0,004; IC95% 0,0 &#x2013; 0,123), haber cursado hasta alguno de estos niveles educativos: primaria (OR=0,04; IC95% 0,004 &#x2013; 0,332) y bachiller (OR=0,21; IC95% 0,058 &#x2013; 0,79), no contar con trastorno paranoide (OR=0,27; IC95% 0,078 &#x2013; 0,956) y trastorno narcisista (OR=0,006; IC95% 0,074 &#x2013; 0,644). Conclusi&#xF3;n: Esta investigaci&#xF3;n muestra una realidad que se ha normalizado dentro de esta poblaci&#xF3;n que es el consumo constante de SUSTANCIAS PSICOACTIVAS, y proporciona cifras e informaci&#xF3;n que puede ser valiosa para los entes gubernamentales, l&#xED;deres organizados de la barra y a la facultad Nacional de Salud p&#xFA;blica para visibilizar los impactos que tiene el Consumo de SUSTANCIAS PSICOACTIVAS, en una poblaci&#xF3;n que ha tomado tanta fuerza al pasar de los a&#xF1;os. La distribuci&#xF3;n del riesgo se present&#xF3; de una forma mayor frente al riesgo moderado en los integrantes de la barra LOS DEL SUR, con porcentajes tales como el cannabis con un 45,1% (n=192), las bebidas alcoh&#xF3;licas con un 39,0% (n=166), el tabaco con un 33,8% (n=144), la coca&#xED;na con un 25,4% (n=108) y los alucin&#xF3;genos con un 22,1% (n=94) donde el continuar el consumo a este ritmo indica una probabilidad de futuros problemas de salud y de otro tipo, entre ellos la probabilidad de dependencia.</subfield>
  </datafield>
  <datafield tag="650" ind1=" " ind2="4">
    <subfield code="a">Drogas il&#xED;citas</subfield>
    <subfield code="9">21779</subfield>
  </datafield>
  <datafield tag="650" ind1=" " ind2="7">
    <subfield code="a">Trastornos relacionados con sustancias</subfield>
    <subfield code="2">dcs</subfield>
    <subfield code="9">56474</subfield>
  </datafield>
  <datafield tag="650" ind1=" " ind2="7">
    <subfield code="a">Trastornos de la personalidad</subfield>
    <subfield code="2">dcs</subfield>
    <subfield code="9">63144</subfield>
  </datafield>
  <datafield tag="700" ind1="1" ind2="0">
    <subfield code="a">Taborda Henao, Alejandro</subfield>
    <subfield code="4">aut</subfield>
    <subfield code="e">aut</subfield>
    <subfield code="9">805586</subfield>
  </datafield>
  <datafield tag="700" ind1="1" ind2="0">
    <subfield code="a">Rueda Ram&#xED;rez, Sandra Milena</subfield>
    <subfield code="4">ths</subfield>
    <subfield code="e">ths</subfield>
    <subfield code="9">428588</subfield>
  </datafield>
  <datafield tag="856" ind1="4" ind2=" ">
    <subfield code="u">https://bibliotecadigital.udea.edu.co/handle/10495/34589</subfield>
  </datafield>
  <datafield tag="942" ind1=" " ind2=" ">
    <subfield code="c">TESIS</subfield>
    <subfield code="n">0</subfield>
  </datafield>
  <datafield tag="999" ind1=" " ind2=" ">
    <subfield code="c">847596</subfield>
    <subfield code="d">847596</subfield>
  </datafield>
  <datafield tag="502" ind1=" " ind2=" ">
    <subfield code="b">278</subfield>
    <subfield code="c">20</subfield>
  </datafield>
  <datafield tag="526" ind1=" " ind2=" ">
    <subfield code="a">280</subfield>
  </datafield>
</record>
